00423nam a2200145Ia 4500008004100000020001600041041000800057082001800065100001500083245011300098250000600211260003200217300001200249650001600261210716s2010 xx 000 0 und d a97807494575 aeng a659.1019 HILD aHill, Dan. aAbout face: the secrets of emotionally effective advertising.bSecrets of emotionally effective advertising. a1 aNew DelhibKogan Pagec2010 axii,196 aAdvertising